|
|
|
|
| LEADER |
00000nam0a2200000 4500 |
| 001 |
108885 |
| 005 |
20231031115840.0 |
| 035 |
|
|
|a (RuTPU)RU\TPU\book\117539
|
| 090 |
|
|
|a 108885
|
| 100 |
|
|
|a 20070126d2006 k y0rusy50 ca
|
| 101 |
0 |
|
|a rus
|
| 102 |
|
|
|a RU
|
| 105 |
|
|
|a a dm 001zy
|
| 200 |
1 |
|
|a Формирование инновационного потенциала промышленного предприятия на принципах бенчмаркинга
|e автореферат диссертации на соискание ученой степени кандидата экономических наук
|e спец. 08.00.05
|f О. В. Макаренко
|g Новосибирский государственный технический университет; науч. рук. В. А. Титова
|
| 210 |
|
|
|a Новосибирск
|c [Б. и.]
|d 2006
|
| 215 |
|
|
|a 22 с.
|c ил.
|
| 320 |
|
|
|a Библиогр.: с. 22.
|
| 610 |
1 |
|
|a экономика
|
| 610 |
1 |
|
|a предприятия
|
| 610 |
1 |
|
|a промышленные предприятия
|
| 610 |
1 |
|
|a инновации
|
| 610 |
1 |
|
|a инновационный потенциал
|
| 610 |
1 |
|
|a бенчмаркинг
|
| 610 |
1 |
|
|a авторефераты диссертаций
|
| 686 |
|
|
|a У9(2)29-2
|v LBC/SL-A
|2 rubbk
|
| 686 |
|
|
|a 08.00.05
|2 oksvnk
|
| 700 |
|
1 |
|a Макаренко
|b О. В.
|g Олеся Владимировна
|
| 702 |
|
1 |
|a Титова
|b В. А.
|g Валентина Алексеевна
|4 727
|
| 712 |
0 |
2 |
|a Новосибирский государственный технический университет
|2 stltpush
|3 (RuTPU)RU\TPU\col\36
|
| 801 |
|
1 |
|a RU
|b 63413507
|c 20070126
|g PSBO
|
| 801 |
|
2 |
|a RU
|b 63413507
|c 20070222
|g PSBO
|
| 942 |
|
|
|c BK
|